Sigmund Freud coleccionista (Record no. 9602)

MARC details
000 -CABECERA
campo de control de longitud fija 01147nam a2200277 a 4500
001 - NÚMERO DE CONTROL
campo de control BRL_790
005 - FECHA Y HORA DE LA ÚLTIMA TRANSACCIÓN
campo de control 20190320210911.0
008 - DATOS DE LONGITUD FIJA--INFORMACIÓN GENERAL
campo de control de longitud fija 071013s2000----mx-ao#####---#000-0#spa-#
020 ## - NÚMERO INTERNACIONAL ESTÁNDAR DEL LIBRO
Número Internacional Estándar del Libro 9685011109
041 ## - CÓDIGO DE LENGUA
Código de lengua del texto/banda sonora o título independiente spa
044 ## - CÓDIGO DEL PAÍS DE LA ENTIDAD EDITORA/PRODUCTORA
Código MARC del país mx
050 #4 - SIGNATURA TOPOGRÁFICA DE LA BIBLIOTECA DEL CONGRESO
Número de clasificación AM401.F74
Número de documento/Ítem .S54 2000
245 10 - MENCIÓN DE TÍTULO
Título Sigmund Freud coleccionista
Resto del título Antiguo Colegio de San Ildefonso, Ciudad de Mexico 2000
Mención de responsabilidad, etc. coordinación editorial Lucinda Gutierrez; traducción del inglés Isabelle Marmasse, Elsa Reyes; traducción del alemán Frank Silkens
260 ## - PUBLICACIÓN, DISTRIBUCIÓN, ETC.
Lugar de publicación, distribución, etc. México
Nombre del editor, distribuidor, etc. Antiguo Colegio de San Ildefonso
Fecha de publicación, distribución, etc. 2000
300 ## - DESCRIPCIÓN FÍSICA
Extensión 161 p.
Otras características físicas il.
Dimensiones 31 cm.
500 ## - NOTA GENERAL
Nota general Au938
500 ## - NOTA GENERAL
Nota general Esta publicacion es el catalogo de la exposicion Sigmund Freud, coleccionista, organizada por el Antiguo Colegio de San Ildefonso y presentada en la ciudad de Mexico de mayo a agosto de 2000
504 ## - NOTA DE BIBLIOGRAFÍA, ETC.
Nota de bibliografía, etc. Bibliografía: p. 159
600 14 - PUNTO DE ACCESO ADICIONAL DE MATERIA--NOMBRE DE PERSONA
Nombre de persona Freud, Sigmund,
Fechas asociadas al nombre 1856-1939
Subdivisión general Exposiciones
9 (RLIN) 24958
700 1# - PUNTO DE ACCESO ADICIONAL--NOMBRE DE PERSONA
Nombre de persona Gutiérrez, Lucinda
Término indicativo de función/relación ed.
9 (RLIN) 3980
700 1# - PUNTO DE ACCESO ADICIONAL--NOMBRE DE PERSONA
Nombre de persona Marmasse, Isabelle
Término indicativo de función/relación tr.
9 (RLIN) 24959
700 1# - PUNTO DE ACCESO ADICIONAL--NOMBRE DE PERSONA
Nombre de persona Reyes, Elsa
Término indicativo de función/relación tr.
9 (RLIN) 24960
700 1# - PUNTO DE ACCESO ADICIONAL--NOMBRE DE PERSONA
Nombre de persona Silkens, Frank
Término indicativo de función/relación tr.
9 (RLIN) 24961
902 ## - CATALOGADOR
Iniciales GRL
942 ## - ELEMENTOS DE PUNTO DE ACCESO ADICIONAL (KOHA)
Fuente del sistema de clasificación o colocación Library of Congress Classification
Tipo de ítem Koha Libros
Holdings
Estado de retiro Estado de pérdida Estado dañado No para préstamo Localización permanente Ubicación/localización actual Fecha de adquisición Número de inventario Total de préstamos Signatura topográfica completa Código de barras Fecha visto por última vez Precio válido a partir de Tipo de ítem Koha
El ejemplar forma parte de la colección y puede ser consultado según las políticas vigentes.       Biblioteca Centro de Estudios Ruth D. Lechuga Biblioteca Centro de Estudios Ruth D. Lechuga 07/10/2013 Au938   AM401.F74 .S54 2000 (Au938) GRL00859 22/03/2019 22/03/2019 Libros